00692nam a2200193Ia 4500008004100000020001700041082001900058100002100077110002000098245010900118250000600227260002200233300001000255500003100265650002600296700006300322952009600385999001700481120629s9999 xx 000 0 und d a84-254-208-9 a616.8914 N223t aNardone, Giorgio aWatzlawick Paul aTerapia breve : filosofía y arte \ Nardone, Giorgio; Watzlawick, Paul; Martinez Riu, Antonio; trad. a2 aEspaña : Herder a272 p aBibliografía y épilogo a1. PSICOTERAPIA BREVE aWatzlawick, Paul; Coaut.; Martinez Riu, Antonio; trad.Ì 00104070a15b15d2009-09-02l0o616.8914 N223Tp15 003284r2017-12-07t1w2012-06-28yLB c76639d76639